Statistics for Singers/Songs From Today

Click here to take the quiz!

General Stats

  • This quiz has been taken 31 times
  • The average score is 10 of 15

Answer Stats

QuestionAnswer% Correct
Who sings Shape Of YouEd Sheeran
92%
Who sings FireworkKaty Perry
88%
Who sings This Girl Is On FireAlicia Keys
83%
Who sings Blank SpaceTaylor Swift
83%
Who sings Call Me MaybeNone Of The Above
79%
Who sings Love StoryTaylor Swift
79%
Who sings AttentionCharlie Puth
75%
Who sings Just DanceLady Gaga
75%
Who sings Con CalmaDaddy Yankee
67%
Who sings AnimalsMaroon Five
63%
Who sings WolvesSelena Gomez
63%
Who sings LightsEllie Goulding
54%
Who sings EnchantedNone Of The Above
46%
The GreatestSia
46%
Who sings Cut to the FeelingCarle Rae Jepson
33%

Score Distribution

Percentile by Number Answered

Percent of People with Each Score

Your Score History

You have not taken this quiz